|
|
|
|
| LEADER |
00000nam a22000007a 4500 |
| 005 |
20220517224757.0 |
| 007 |
cr|||| |||| |
| 008 |
220517s2021 es |||||s|||| 00||0 spa d |
| 020 |
|
|
|a 978-84-124109-9-0
|
| 035 |
|
|
|a 35653
|
| 040 |
|
|
|a vLex
|
| 090 |
|
|
|c 13359
|d 13359
|
| 100 |
1 |
|
|a Torres Manrique, Jorge Isaac
|
| 245 |
1 |
0 |
|a Derechos fundamentales contemporǹeos
|h [Recurso electrn̤ico] :
|b Enfoques actuales y futuros /
|c Jorge Isaac Torres Manrique
|
| 256 |
|
|
|a Servicio en ln̕ea
|
| 260 |
|
|
|a Barcelona:
|b J.M. Bosch Editor,
|c 2021
|
| 300 |
|
|
|a 1 recurso electrn̤ico
|
| 500 |
|
|
|a ±La obra que tengo el gusto de prologar, refleja algunas de las principales preocupaciones del Constitucionalismo en la actualidad, apelando a una estrategia expositiva que destaca las amenazas, desafo̕s y oportunidades en distintas r̀eas temt̀icas. En esta ln̕ea, en la presente obra se identifican algunos ejes neurl̀gicos del sistema constitucional y realiza un recorrido amplio sobre diferentes condiciones que enfrenta el Constitucionalismo en la actualidad y su conexin̤ insoslayable con los derechos fundamentales. En este sentido, el libro es t︢il tanto para un lector versado en el Derecho Constitucional como para un estudiante o pb︢lico en general, porque tiene el mřito de orientar sobre problemt̀icas recurrentes de esta rama de la Ciencia Jurd̕ica, aunque, a la vez, le incorpora actualidad y un perfil distintivo. En sn̕tesis, este trabajo recoge cuestiones de relevancia jurd̕ica, escrita en un lenguaje de fc̀il acceso, pero sin perder profundidad. Su lectura puede fc̀ilmente ser valorada por profesores, acadm̌icos, operadores jurd̕icos, estudiantes y pb︢lico en general».
|
| 506 |
1 |
|
|a Disponible solo en los productos indicados
|d vLex Global
|d vLex Global (Academic Edition, excluding Law Schools)
|d vLex Global (U.S. Academic Edition, Law Schools)
|d vLex Global (U.S. Academic Edition, excluding Law Schools)
|d vLex Global (Academic Edition, Law Schools)
|
| 650 |
0 |
4 |
|a Derecho Constitucional
|z Espaą
|
| 740 |
0 |
|
|a vLex Libros (Servicio en ln̕ea)
|
| 856 |
4 |
0 |
|u https://app.vlex.com/#/sources/35653
|z Acceso restringido
|
| 942 |
|
|
|c BOOK
|
| 999 |
0 |
|
|a Constitutional right
|